000 00785 a2200229 4500
999 _c9405
_d9405
020 _a9781846612442 (pbk.)
050 0 0 _aKD 1954 BAR 2012
100 _aBare, Martin
_eeditor
245 0 0 _aAPIL model pleadings and applications /
_cMartin Bare, Leila Benyounes & Richard Copnall ; contributors, Andrew Axon, Dominic Hughes.
250 _a2nd ed.
264 _aBristol :
_bJordan Publishing Limited,
_c2012
300 _axxviii, 410 p. :
_bforms ;
500 _aIncludes index
650 0 _aPersonal injuries
650 0 _aPleading
700 1 _aBare, Martin.
_eeditor
700 1 _aBenyounes, Leila.
_eeditor
700 1 _aCopnall, Richard.
_eeditor
700 1 _aAxon, Andrew.
_econmtributor
700 1 _aHughes, Dominic.
_econtributor
942 _2lcc
_cBK
_e2nd ed.
_h1954
_iBAR
_kKD